| 000 | 00536nam a22001811a 4500 | ||
|---|---|---|---|
| 001 | 11724 | ||
| 003 | OSt | ||
| 005 | 20260204212253.0 | ||
| 008 | 130516s2012||||dr ||||||b||||||||||spa|| | ||
| 020 | _a9789945005905 | ||
| 050 | _aRD 863.5 S42t | ||
| 100 | _aSolano Joseph, Maria Magdalena | ||
| 245 | _aTodo lo que brilla no es oro : el poder de la admistad / Maria Magdalena Solano | ||
| 264 | _aRepública Dominicana : [ S.N. ] | ||
| 300 | _a248 P | ||
| 650 | _aNarraciones dominicanas 2.Literactura dominicanaÌ | ||
| 942 |
_2ddc _cBK |
||
| 999 |
_c11724 _d11724 |
||